The language myth: why language is not an instinct

Salvato in:
Dettagli Bibliografici
Autore principale: Evans, Vyvyan (Autore)
Natura: Libro
Lingua:inglese
Pubblicazione: Cambridge Cambridge University Press 2014
Edizione:1a. ed
Soggetti:
Tags: Aggiungi Tag
Nessun Tag, puoi essere il primo ad aggiungerne!!

MARC

LEADER 00000cam a2200000 a 4500
001 UCC4225
003 CL-VaPUC
008 180720e20140000uk |||||||||||||||||eng|d
020 |a 9781107619753 
082 0 4 |a 410  |b EVA  |2 21 
100 0 |a Evans, Vyvyan  |e author  |9 598377 
245 1 4 |a The language myth: why language is not an instinct 
250 |a 1a. ed 
300 |a 304 p 
942 |c BK 
945 |d 20180720 14:27:00  |a dcastane 
260 |a Cambridge  |b Cambridge University Press  |c 2014 
650 0 |a Lingüística  |9 265068 
650 7 |a LENGUA Y LENGUAJE  |2 CL-VaPUC  |9 421352 
650 7 |a GRAMATICA COGNITIVA  |2 CL-VaPUC  |9 345088 
583 |a last modification  |c 20180720 14:27:00  |k Rodrigo Vera 
999 |c 371778  |d 371776 
952 |0 0  |1 0  |3 erb  |4 0  |6 410_000000000000000_EVA_2014  |7 0  |8 A  |9 488967  |a FDOPOS  |b FDOPOS  |i 5482372  |o 410 EVA 2014  |p 5482372  |r 2025-01-22  |w 2019-11-24  |y BK  |z Catalogado en:20180720  |k MLA